000
00282nam a22001337a 4500
008
170201b xxu||||| |||| 00| 0 eng d
020
_a
9781111125219
041
_a
eng
080
_a
61
100
_a
3
101
_a
SHMI
245
_a
USING E-MEDSYS
_c
BRASIN, G.A
942
_2
udc
_c
BK
999
_c
4225
_d
4225